The merchant of venice / (Record no. 128486)
[ view plain ]
| 000 -LEADER | |
|---|---|
| fixed length control field | 00695nam a22002297a 4500 |
| 005 - DATE AND TIME OF LATEST TRANSACTION | |
| control field | 20170124110040.0 |
| 010 ## - LIBRARY OF CONGRESS CONTROL NUMBER | |
| LC control number | A-680105 |
| 020 ## - INTERNATIONAL STANDARD BOOK NUMBER | |
| Terms of availability | 45.00 |
| International Standard Book Number | 8120308336 |
| 035 ## - SYSTEM CONTROL NUMBER | |
| System control number | A-680105 |
| 037 ## - SOURCE OF ACQUISITION | |
| Source of stock number/acquisition | Cen Lib/Ret |
| 040 ## - CATALOGING SOURCE | |
| Original cataloging agency | DPL |
| Language of cataloging | EN |
| 082 ## - DEWEY DECIMAL CLASSIFICATION NUMBER | |
| Classification number | 882.08 |
| Item number | SHA |
| 100 ## - MAIN ENTRY--PERSONAL NAME | |
| Personal name | Lyon, John |
| 9 (RLIN) | 23561 |
| 245 ## - TITLE STATEMENT | |
| Title | The merchant of venice / |
| Statement of responsibility, etc | by John Lyon |
| 260 ## - PUBLICATION, DISTRIBUTION, ETC. (IMPRINT) | |
| Place of publication, distribution, etc | New Delhi |
| Name of publisher, distributor, etc | Prentice hall of India |
| Date of publication, distribution, etc | 1993 |
| 270 ## - ADDRESS | |
| City | New Delhi |
| Address | B-16, Okhla industrial area |
| Postal code | 110020 |
| 300 ## - PHYSICAL DESCRIPTION | |
| Extent | xix,152p. |
| Dimensions | 21cm(Hb) |
| 500 ## - GENERAL NOTE | |
| General note | Includes bibliographical references and index |
| 650 ## - SUBJECT ADDED ENTRY--TOPICAL TERM | |
| Topical term or geographic name as entry element | literature |
| 9 (RLIN) | 6262 |
| 650 ## - SUBJECT ADDED ENTRY--TOPICAL TERM | |
| Topical term or geographic name as entry element | Epic literature |
| 9 (RLIN) | 101995 |
| 942 ## - ADDED ENTRY ELEMENTS (KOHA) | |
| Source of classification or shelving scheme | Dewey Decimal Classification |
| Koha item type | English Books |
| Classification part | 882.08 |
| Call number suffix | SHA |
| Withdrawn status | Lost status | Damaged status | Not for loan | Home library | Current library | Date acquired | Source of acquisition | Cost, normal purchase price | Total Checkouts | Full call number | Barcode | Date last seen | Copy number | Cost, replacement price | Price effective from | Koha item type |
|---|---|---|---|---|---|---|---|---|---|---|---|---|---|---|---|---|
| Central Library | Central Library | 02/07/2015 | Cen LIb/Ret | 45.00 | 882.08 SHA | A-680105 | 02/07/2015 | 1 | 45.00 | 02/07/2015 | English Books |
